000 00481nam a2200181Ia 4500
005 20250923144517.0
008 008 250917s9999 xx 000 0 eng d
037 _aReports
040 _aDSWL
_beng
_cDSWL
041 _aeng
_2eng
084 _qDSWL
245 0 _aEncyclopadia of criminology
_cEd. by Ed. Branham
260 _aNew York
_b Philosophical Library
_c1949
300 _axxxvii,527p.
700 _a Kutash
_9825608
942 _cREP
999 _c1439821
_d1439821